| 000 | 01041nmm a2200337 a 4500 | ||
|---|---|---|---|
| 003 | AR-BaBNM | ||
| 005 | 20251128203926.0 | ||
| 008 | 045119s1993 ||||||||||||||000 | spa|| | ||
| 020 | _a84-477-0239-1 | ||
| 040 | _cAR-BaBNM | ||
| 100 | 1 | _aChaves García, José Ramón | |
| 245 | 1 | 0 | _aOrganización y gestión de las universidades públicas |
| 250 | _a1ª ed. | ||
| 260 |
_aBarcelona _bPPU _c1993 |
||
| 300 | 0 | _a317 p. | |
| 500 | 0 | _aPPU: PROMOCIONES Y PUBLICACIONES UNIVERSITARIAS | |
| 500 | 0 | _aContiene abreviaturas p. 9-10 | |
| 500 | 0 | _aLegislación p. 10-11 | |
| 504 | _aBibliografía p. 313-317 | ||
| 650 | 4 | _aUNIVERSIDADES E INSTITUTOS DE EDUCACION SUPERIOR | |
| 650 | 4 | _aUNIVERSIDADES ESTATALES | |
| 650 | 4 | _aPAPEL DE LA UNIVERSIDAD | |
| 650 | 4 | _aPLANIFICACION DE LA UNIVERSIDAD | |
| 650 | 4 | _aCIUDADES UNIVERSITARIAS | |
| 650 | 4 | _aESTUDIANTES UNIVERSITARIOS | |
| 650 | 4 | _aPROFESORES UNIVERSITARIOS | |
| 650 | 4 | _aADMINISTRACION UNIVERSITARIA | |
| 653 | 0 | _aEDUCACION SUPERIOR | |
| 942 | _cBK | ||
| 998 | _cCarmen | ||
| 999 |
_c5488 _d5488 |
||